Vlastnosti spojov medzi koróziívzdornou oceľou a termoplastom vyhotovených technológiou Resistance Element Soldering

Enregistré dans:
Détails bibliographiques
Auteur principal: Zelina, Miroslav (Auteur)
Autres auteurs: Sejč, Pavol (Directeur de thèse)
Format: Manuscrit Livre
Langue:slovaque
Publié: 2025
Sujets:
Accès en ligne:http://is.stuba.sk/zp/portal_zp.pl?podrobnosti=185624
Tags: Ajouter un tag
Pas de tags, Soyez le premier à ajouter un tag!

MARC

LEADER 00000ntm a22000003a 4500
001 stuzp102990
003 SK-STU
005 20250621210243.0
007 ta
008 150427s2015----xo-----f-mn---000-0-slo-d
040 |a STU  |b slo 
041 0 |a slo 
100 1 |a Zelina, Miroslav  |u 020050  |4 aut  |U SjF Strojnícka fakulta  |T SjF Ústav technológií a materiálov  |X 105084  |U J0050  |Y 803  |7 105084 
242 0 1 |a Properties of joints between corrosion-resistant steel and thermoplastic made using Resistance Element Soldering  |y eng 
245 1 0 |a Vlastnosti spojov medzi koróziívzdornou oceľou a termoplastom vyhotovených technológiou Resistance Element Soldering 
260 |c 2025 
650 4 |a nerezový oceľový plech  |2 slo 
650 4 |a termoplast  |2 slo 
650 4 |a spájkovanie  |2 slo 
650 4 |a RES  |2 slo 
650 4 |a stainless steel sheet  |2 eng 
650 4 |a thermoplastic  |2 eng 
650 4 |a soldering  |2 eng 
650 4 |a RES  |2 eng 
700 1 |a Sejč, Pavol  |u 020050  |k Z1  |4 ths  |U SjF Strojnícka fakulta  |T SjF Ústav technológií a materiálov  |X 2300  |U J0050  |Y 803  |7 A000002300 
856 4 |u http://is.stuba.sk/zp/portal_zp.pl?podrobnosti=185624